000 00869nas a2200265 4500
001 BR8801137
003 BR-BrBNA
005 20231205091045.0
007 ta
008 230509b bl.|||p| |||| 00| 00por d
040 _aBR-BrBNA
_bpor
_cBiblioteca Nacional de Agricultura
041 _a(Pt)
072 _aQ02
100 1 _aPastore, G.M.
100 1 _aSato, H.H.
100 1 _aPark, Y.K.
245 1 _aProducao, purificacao e caracterizacao da invertase de Aspergillus oryzae
246 1 _a[Production, purification and characterization of the fructofuranosidase of Aspergillus oryzae]
650 _aATIVIDADE ENZIMICA
650 _aINVERTASE
650 _aMELACO
773 0 _tCiencia e Tecnologia de Alimentos (Brazil)
_xISSN 0101-2061
_g(Jun-Dec 1986), v. 6(2) p. 152-162
_wBR8801137
909 _a202311
_bLúcia
_c55
_dLúcia Elande
942 _2AGRIS
_n0
_cANA
999 _c122470
_d122470